Historia de México desde los primeros movimientos que prepararon su Independencia, en el año 1808, hasta la época presente.

Detalles Bibliográficos
Autor principal: ALAMAN, Lucas
Formato: Libro
Publicado: México 1894
Materias:
Colección:Banco de datos
Acervo:Biblioteca del Ex Convento de Nuestra Señora de Guadalupe. Zacatecas
Descripción Física:t. I, 1a. parte
Tema general:Historia Civil
Notas:Buena. VI, 5, 2 (1780). Sin marca de fuego.
LEADER 00786nam a22002050004500
035 |a 46775 
036 |a 7959 
100 1 |a ALAMAN, Lucas 
245 1 0 |a Historia de México desde los primeros movimientos que prepararon su Independencia, en el año 1808, hasta la época presente. 
260 |a México  |b imp. J.M. Lara  |c 1894 
300 |a t. I, 1a. parte 
500 |a Buena. VI, 5, 2 (1780). Sin marca de fuego. 
650 1 0 |a Historia Civil 
949 |a CRZ-CG 
959 |a Ex convento de Nuestra Señora de Guadalupe, Museo Regional de Zacatecas, Zacatecas  |b CCC4 
960 |a Convento de Nuestra Señora de Guadalupe, Zacatecas  |b DD87 
961 |a Franciscana  |b OF 
942 |c CRZ-CG 
943 |g Biblioteca del Ex Convento de Nuestra Señora de Guadalupe. Zacatecas 
999 |c 970902  |d 970902